| 000 | 00463nam a22001817a 4500 | ||
|---|---|---|---|
| 003 | SISC | ||
| 005 | 20160212091240.0 | ||
| 008 | 140426b xxu||||| |||| 00| 0 eng d | ||
| 020 | _a0553246046 | ||
| 050 |
_aPZ 4 _b.L9455 1972 |
||
| 100 | _aLudlum, Robert | ||
| 245 |
_aThe osterman weekend _cRobert Ludlum |
||
| 260 |
_aNew York : _bBantam Books, _cc1985. |
||
| 300 |
_a36 p. : _c17 cm. |
||
| 650 | _aSuspense stories. | ||
| 942 |
_2lcc _cBK |
||
| 999 |
_c115515 _d115515 |
||